Kui kaua kestis Liivi sõda?
| Titel: | Kui kaua kestis Liivi sõda? |
|---|---|
| Verfasser: | |
| Beteiligt: | |
| In: |
Tuna, Band 18, Heft 4 (69) (2015), Seite 5-13 alle Artikel anzeigen |
| Veröffentlicht: | 2015 |
| Format: | Aufsatz |
| Sprache: | Estnisch |
X
alg: 39276189 001A $01999:11-11-16 001B $03025:13-03-26 $t15:23:21.000 001D $01999:11-11-16 001U $0utf8 001X $00 002@ $0Aox 003@ $0392761890 007A $0392761890 $aHEB 007T $0Herdc0110339m 010@ $aest 011@ $a2015 021A $aKui kaua kestis Liivi sõda? 028A $aFiljuškin $dAleksandr 028C $aOjamaa $BÜbers. $dJüri 031A $d18 $e4 (69) $h5-13 $j2015 037A $aengl. Res. 154: How Long Did the Livonian War last? 039B $aIn $8--Abvc--. Tuna. - Tallinn, 1998-. - ISSN 1406-4030 $x201500000180004995 $9089883705 044K $RKrieg $#Livonskaja vojna $74167979-9 $8Livländischer Krieg [Ts1] $9085760803 045F $a900.9479809031 $eDDC23BSB 045F/01 $a900 045F/03 $f09031 045F/03 $f9032 045F/03 $f9033 045F/03 $g4798 045F/03 $g4796 045T $a7,44 lok: 39276189 78 exp: 39276189 78 1 #EPN 201B/01 $030-05-23 $t22:42:03.000 201U/01 $0utf8 203@/01 $0788861271 208@/01 $a11-11-16 $be 209A/01 $a/ $f000 $x00 220C/01 $aTitelaufnehmer: kk 220C/01 $aHerkunft: HI Marburg 244Z/01 $2Trx $#Estija $#Igaunija $#Estland $#Estonia $#Estonia $#Estónsko $#Estonsko $8--Trx--Eesti $x01 $9391237225 244Z/01 $2Trx $#Latvija $#Lettland $#Łotwa $#Lotyšsko $8--Trx--Latvija $x02 $9391275879 244Z/01 $#Liivimaa $#Vidzeme $#Livonija $#Vidzeme $#Livonia $#Inflanty $74036075-1 $8--Tg1--Livland $x03 $9085097721 244Z/01 $aGeschichte 1512-1610 $x04 244Z/01 $2Trx $#Kurbski, Andrzej Michajłowicz $8--Trx--Kurbskij, Andrej Michajlovič$Z1528-1583 $x05 $9390857300 244Z/01 $#Renner, Johannes $#Renner, Joan. $#Renner, Joannes $#Rennerus, Johannes $7100819184 $8--Tp1--Renner, Johann$Z1525-1583 $x06 $9136772501 244Z/01 $#Rüssow, Balthasar $#Russowen, Balthasar $#Rossowen, Balthasar $#Ruessow, Balthasar $#Russovv, Balthasar $#Russouw, Balthasar $#Rusovs, Baltasars $#Russov, Balthasar $#Rüssouwen, Balthasar $#Rüssouw, Balthasar $7119382806 $8--Tp1--Russow, Balthasar$Z1536-1600 $x07 $9087722593 244Z/01 $#Nyenstede, Franz $7139130969 $8--Tp1--Nyenstaedt, Franz$Z1540-1622 $x08 $9215562623 244Z/01 $2Trx $#sõda, liivi, 1558-1583 $#Livonijos karas 1558-1583 $#Livonian war 1558-1583 $#háború, Livóniai 1558-1583 $#wojna inflancka 1558-1583 $#vojna livónska 1558-1583 $#válka livonská 1558-1583 $8--Trx--Krieg, Livländischer$g1558-1583 $x09 $939135843X 244Z/01 $2Trx $#kroonikad $#kronikos $#Chronicles $#krónikák $#kroniki $#kroniky $#kroniky $8--Trx--Chroniken $x10 $9391357069 244Z/01 $2Trx $#ajaloolased ja kroonikud -18. saj. $#kronikininkai iki XVIII a. pab. $#historians and chroniclers - 18th c. $#történészek és krónikaírók XVIII. század $#kronikarze do końca XVIII w. $#historici a kronikári do konca 18. stor. $#historici a kronikáři do konce 18. st. $#Chronisten $#annalists $#kronikarze $#kronikári $#kronikáři $8--Trx--Historiker und Chronisten$g-18. Jh. $x11 $9391372696 244Z/01 $2Trx $#suhted, Liivi-Poola $#santykiai, Lenkijos ir Livonijos $#relations, Livonian-Polish $#kapcsolatok, lengyel-lív $#stosunki inflancko-polskie $#vzťahy livónsko-poľské $#vztahy livonsko-polské $8--Trx--Beziehungen, livländisch-polnische $x12 $9391362119 244Z/01 $2Trx $#suhted, Liivi-Vene $#santykiai, Livonijos ir Rusijos $#relations, Livonian-Russian $#kapcsolatok, lív-orosz $#stosunki inflancko-rosyjskie $#vzťahy livónsko-ruské $#vztahy livonsko-ruské $8--Trx--Beziehungen, livländisch-russische $x13 $9391376799 244Z/01 $2Trx $8--Trx--Zeitschriftenaufsatz $x14 $9391384341 245Z/01 $a06.03.02 $x01 247C/01 $82080>Marburg/Lahn, Herder-Institut, Forschungsbibliothek, Bibliographieportal $9336309341
| LEADER | 00000caa a22000002c 4500 | ||
|---|---|---|---|
| 001 | 392761890 | ||
| 003 | DE-603 | ||
| 005 | 20260313152321.0 | ||
| 007 | tu | ||
| 008 | 161111s2015 xx |||| | u00||u|est c | ||
| 035 | |a (DE-599)HEB392761890 | ||
| 040 | |a DE-603 |b ger |c DE-603 |d DE-603 | ||
| 041 | |a est | ||
| 082 | 0 | 4 | |8 1\u |a 900.9479809031 |q DE-101 |2 23/BSB |
| 084 | |a 7,44 |2 ssgn | ||
| 085 | |8 1\u |b 900 | ||
| 085 | |8 1\u |z 1 |s 09031 | ||
| 085 | |8 1\u |z 1 |s 9032 | ||
| 085 | |8 1\u |z 1 |s 9033 | ||
| 085 | |8 1\u |z 2 |s 4798 | ||
| 085 | |8 1\u |z 2 |s 4796 | ||
| 100 | 1 | |a Filjuškin, Aleksandr | |
| 245 | 0 | 0 | |a Kui kaua kestis Liivi sõda? |
| 264 | 0 | |c 2015 | |
| 500 | |a engl. Res. 154: How Long Did the Livonian War last? | ||
| 650 | 7 | |a Livländischer Krieg |0 (DE-588)4167979-9 |0 (DE-603)085760803 |2 gnd | |
| 700 | 1 | |a Ojamaa, Jüri |e Übers. |4 trl | |
| 773 | 0 | 8 | |i In |t Tuna |d Tallinn, 1998- |x 1406-4030 |g Band 18, Heft 4 (69) (2015), Seite 5-13 |w (DE-603)089883705 |w (DE-600)2004146-9 |
| 924 | 0 | |9 2080 |a (DE-603)788861271 |b DE-2080 |c HES |d d |g / | |


